000 01580nam0a22002891 4500
001 rc\4532493
005 20130416181915.4
021 _aRU
_b[58-66093]
035 _a(NLR Aleph) 008630625
090 _a8880042
_c8880042
100 _a20130416d1958 |||y0rusy50 ca
101 0 _arus
102 _aRU
105 _ay z |||||
200 1 _aО липаритах и перлитах Читинской области и их возможном значении как строительных материалов
_e(Оргвыступление на секции черной металлургии, титано-магнетитов, нерудных полезных ископаемых, машиностроения и металлообработки)
210 _aЧита
_cКн. изд-во
_d1958
215 _a6 с.
_d20
225 1 _aОрганизационный комитет Читинского регионального совещания Конференции по развитию производительных сил Восточной Сибири. [Доклады]
333 _aНа правах рукописи
606 _aГорные породы, эффузивные
_xПрименение в строительстве
_2psbo
606 _aСтроительные материалы местные
_yЧитинская область
_2psbo
700 1 _aКнязев
_bГ. И.
_f1927-
_gГеоргий Иванович
801 0 _aRU
_bNLR
_gpsbo
801 1 _aRU
_bELAR
_2rusmarc
852 _aNLR
_j58-4/18025
942 _cBOOK
980 _aNB